000
00331nam a2200145Ia 4500
008
150201s2005 xx 000 0 und d
082
_a
618.1
_b
G05D
100
_a
DUTTA , D.C.
245
_a
TB. OF GYNAECOLOGY
250
_a
4TH
260
_b
NBC
_a
CALCATA
_c
2005
300
_a
606
650
_a
OBST. & GYNEA.
942
_2
ddc
_c
BK
_0
6
999
_c
1869
_d
1869